000 02575nam a22002894a 4500
001 UTEA
005 20260330154259.0
006 g||||gr||||||01 nz
007 ta
008 260330b pe ||||| |||| 00| 0 spa d
020 _a9786129900216
020 _a9786129900223
040 _aUTEA
041 _aspa
082 _a344.2
_bA32 2025
100 _aAguirre Loayza, Víctor
_eAutor
245 _aDerecho Penal :
_bparte general /
_cVíctor Aguirre Loayza
_h[Texto Impreso]
_nLibro 1 y Libro 2 - tomo I
250 _a1ra. edición,
_bLibro 1 y Libros 2 - tomo I
260 _aLima - Perú,
_bEditorial CEMAR-DD INVESTIGACIÓN CIENTIFICA S.R.L.
_c2025
300 _a1273 páginas,
_c24x19 cm.
300 _a1029 páginas
505 _aLIBRO 1: Introducción al derecho penal parte general -- Evolución histórica del derecho penal -- Filosofía del Derecho penal -- Las ciencias penales -- Bases de derecho penal parte general -- Teoría del delito -- Evolución de la teoría del delito -- Teoría del delito. estructura -- Desarrollo de elementos de delitos -- Delitos de acción culposo -- Delitos de omisión propia -- Delitos omisión impropia -- Elementos accidentales del delito -- Teoría de los elementos negativos del tipo penal -- Los dispositivos amplificadores -- Fases de realización del tipo penal -- Unidad y pluralidad de acciones. delitos y leyes -- Consecuencias jurídicas del delito -- Jurisprudencia. LIBROS 2: Delitos contra la vida, el cuerpo y la salud -- Parricidio -- Homicidio calificado -- Homicidio calificado por la condición de la víctima -- Feminicidio -- Sicariato -- La conspiración y el ofrecimiento para el delito de sicariato -- Homicidio por emoción violenta -- infanticidio -- Homicidio culposo -- Homicidio piadoso -- Instigación o ayuda al suicidio -- Aborto -- Autoaborto -- Aborto consentido -- Aborto sin consentimiento -- Lesiones -- Exposición a peligro o abandono de personas en peligro -- Genocidio -- Explotación -- explotación sexual -- Delitos contra el honor -- Delitos contra la familia -- Atentados contra la patria -- Omisión de asistencia familiar -- Delitos contra la libertad -- Violación de la intimidad -- violación del secreto profesional -- violación de la libertad de reunión -- violación de la libertad de expresión -- violación de la libertad sexual -- Ofenas al pudor público -- Disposición común.
650 _aDERECHO PENAL
650 _aEVOLUCIÓN HISTÓRICA
_927869
650 _aTEORIA DE DELITO
_960540
942 _2ddc
_cBK
_e2026-03-30
_zMag. Cecilio Flores Noa
999 _c17707
_d17707